Development of terminology in the field of library classification with special reference to Indian School of thought : A case study in terminology development (Record no. 12611)

MARC details
000 -LEADER
fixed length control field 00534nam a2200145Ia 4500
082 ## - DEWEY DECIMAL CLASSIFICATION NUMBER
Classification number TP.0026
100 ## - MAIN ENTRY--AUTHOR NAME
Personal name Prasad, K.N.
245 #0 - TITLE STATEMENT
Title Development of terminology in the field of library classification with special reference to Indian School of thought : A case study in terminology development
260 ## - PUBLICATION, DISTRIBUTION, ETC. (IMPRINT)
Year of publication 1983
Name of publisher Karnatak University
300 ## - PHYSICAL DESCRIPTION
Number of Pages 403p. + C D - 46
650 ## - SUBJECT ADDED ENTRY--TOPICAL TERM
Topical Term CLASSIFICATION - TERMINOLOGY
650 ## - SUBJECT ADDED ENTRY--TOPICAL TERM
Topical Term LIBRARY SCIENCE - TERMINOLOGY///CLASSIFICATION - TERMINOLOGY
710 ## - ADDED ENTRY--CORPORATE NAME
Corporate name or jurisdiction name as entry element Kumbhar, M.R.
942 ## - ADDED ENTRY ELEMENTS (KOHA)
Koha item type Thesis
Source of classification or shelving scheme Dewey Decimal Classification
Holdings
Withdrawn status Lost status Damaged status Not for loan Home library Current library Date acquired Bill Date Full call number Accession Number Price effective from Koha item type
        NASSDOC Library NASSDOC Library 08/10/2004 2004-10-22 TP.0026 16749 18/04/2019 Thesis